Mestarien liigan voittajat - Statistics

Yleistilastot
  • Tätä visaa on pelattu 40 kertaa
  • Keskiarvotulos 52 / 68
Vastaustilastot
Vuosi Mestari % Oikein
2022 Real Madrid
100%
2018 Real Madrid
100%
2017 Real Madrid
100%
2016 Real Madrid
100%
2014 Real Madrid
100%
2002 Real Madrid
100%
2000 Real Madrid
100%
1998 Real Madrid
100%
1966 Real Madrid
100%
1960 Real Madrid
100%
1959 Real Madrid
100%
1958 Real Madrid
100%
1957 Real Madrid
100%
1956 Real Madrid
100%
2015 Barcelona
94%
2011 Barcelona
94%
2009 Barcelona
94%
2006 Barcelona
94%
1992 Barcelona
94%
2021 Chelsea
94%
2012 Chelsea
94%
2023 Manchester City
94%
2008 Manchester United
88%
1999 Manchester United
88%
1968 Manchester United
88%
2007 AC Milan
85%
2003 AC Milan
85%
1994 AC Milan
85%
1990 AC Milan
85%
1989 AC Milan
85%
1969 AC Milan
85%
1963 AC Milan
85%
2010 Inter Milan
85%
1965 Inter Milan
85%
1964 Inter Milan
85%
2019 Liverpool
85%
2005 Liverpool
85%
1984 Liverpool
85%
1981 Liverpool
85%
1978 Liverpool
85%
1977 Liverpool
85%
1995 Ajax
71%
1973 Ajax
71%
1972 Ajax
71%
1971 Ajax
71%
1996 Juventus
68%
1985 Juventus
68%
2020 Bayern Munich
62%
2013 Bayern Munich
62%
2001 Bayern Munich
62%
1976 Bayern Munich
62%
1975 Bayern Munich
62%
1974 Bayern Munich
62%
2004 Porto
62%
1987 Porto
62%
1980 Nottingham Forest
53%
1979 Nottingham Forest
53%
1997 Borussia Dortmund
50%
1962 Benfica
41%
1961 Benfica
41%
1982 Aston Villa
38%
1993 Marseille
38%
1988 PSV
38%
1967 Celtic
26%
1970 Feyenoord
26%
1991 Red Star Belgrade
21%
1983 Hamburger SV
18%
1986 Steaua Bucuresti
15%
Ehtoja vastaavia visoja ei löytynyt
Tulosjakauma
Jokaisen tuloksen saaneiden osuus
Persentiili vastausten määrän mukaan
Tuloshistoriasi
Et ole pelannut tätä visaa